| 000 | 00656nam a2200217 i 4500 | ||
|---|---|---|---|
| 001 | 72216 | ||
| 003 | ES-MaACL | ||
| 005 | 20250829112155.0 | ||
| 007 | t| | ||
| 008 | 040827s1971 sp ||||1| spa d | ||
| 100 | 1 |
_aGillet, Bernard. _956966 |
|
| 245 | 1 | 0 |
_aHistoria del deporte / _cpor Bernard Gillet ; [traducción de Mª Dolores Lamarca]. |
| 250 | _a[1ª ed.]. | ||
| 260 |
_aVilassar de Mar, Barcelona : _bOikos-Tau, _c[1971] |
||
| 300 |
_a126 p. ; _c18 cm. |
||
| 490 | 1 | _a¿Qué sé? | |
| 700 | 1 |
_aLamarca, María Dolores. _969765 |
|
| 830 | 0 |
_a¿Qué sé? _9181382 |
|
| 852 |
_aES-MaACL _jC-44420 _bR.77030 |
||
| 999 |
_c72216 _d72216 |
||